00693nam a2200241Ia 4500003000900000005001700009008004100026040003300067041001900100080001200119100002500131245004000156260003100196300004500227650001100272650000900283650001900292650001100311650000900322942000700331952009600338999001700434LK-CoDNM20240807103240.0010623t1907 xxu||||| |||| 00| 1 eng d aLK-CoDNMdLK-CoDNMeLK-CoDNM aengaIlligible a16bQ18 aAdler,Marcus Nathan. aThe Itinerary of Benjamin of Tudela bHenry FrowdeaLondonc1907 bxvi, 94p. : map ; 22 610: 16 Q 18 cm aAfrica aAsia aConstantinople aEurope aRome cBK 001041708OBCaMAINbMAINcREFd2024-08-07l0o16 Q18pOB4692r2024-08-07w2024-08-07yBK c86487d86487